TOP 10 ALLTIME FOOTBALL PLAYERS - Statistics

General Stats
  • This quiz has been taken 71 times
  • The average score is 8 of 10
Answer Stats
Hint Answer % Correct
ATT Cristiano
96%
ATT Messi
96%
ATT R9
96%
ATT/MID Maradona
89%
ATT Pele
83%
DEF Maldini
81%
GK Neuer
64%
MID Zidane
62%
ATT Cruyff
47%
DEF Beckenbauer
42%
No matching quizzes found
Score Distribution
Percent of People with Each Score
Percentile by Number Answered
Your Score History
You have not taken this quiz